000 00424nam a2200169Ia 4500
003 GCL
008 140319s9999 xx 000 0 eng d
040 _aGCL /
_cGCL
082 0 4 _a615.85156
_bD D
100 1 _aDE COS, HIPPOCRATE
245 1 0 _aDE L'ART MEDICAL /
_cDE COS, HIPPOCRATE
260 _a[S.N] :
_bLE LIVRE DE POCHE ،
_c1994
300 _a606 P P
650 0 4 _aART THERAPY
650 0 4 _aART
942 _2ddc
_cBK
999 _c12376
_d12376